000 03175nam a2200409 a 4500
001 53885
003 AR-BaAGN
005 20240416122303.0
007 ta
008 s ag |||||r|||| ||| ||spa d
020 _a9789877370881
040 _aAR-BaAGN
_bspa
_eaacr
041 1 _aspa
_heng
100 1 _aWulf, Andrea,
_d1972-
_97691
240 1 0 _aMagnificent rebels. The first romantics and the invention of the self.
_lEspañol
245 1 0 _aMagníficos rebeldes :
_blos primeros románticos y la invención del yo /
_cAndrea Wulf ; traducción de Abraham Gragera.
250 _a1a ed.
260 _aBuenos Aires :
_bTaurus,
_c2022.
300 _a592 páginas + [8] páginas de láminas :
_bilustraciones blanco y negro y color, mapa, plano ;
_c23 cm.
336 _btxt
_2rdacontent
337 _bn
_2rdamedia
338 _bnc
_2rdacarrier
490 1 _aPensamiento
500 _aÍndice onomástico: p. 557-592.
520 3 _a¿Cuándo empezamos a exigir el derecho a decidir sobre nuestras vidas? ¿En qué momento nos volvimos tan egocéntricos como lo somos hoy? ¿Cuándo nos planteamos por primera vez la pregunta «¿Cómo puedo ser libre?». Todo comenzó en una tranquila ciudad universitaria de Alemania en la década de 1790, cuando un grupo de dramaturgos, poetas y escritores pusieron el yo en el centro del escenario de su pensamiento, su escritura y sus vidas. Este brillante círculo incluía a los famosos poetas Goethe, Schiller y Novalis; a los visionarios filósofos Fichte, Schelling y Hegel; a los polémicos hermanos Schlegel; y, en un maravilloso cameo, a Alexander von Humboldt. En el corazón de este grupo estaba la formidable Caroline Schlegel, gran instigadora de sus deslumbrantes conversaciones sobre el yo, la naturaleza, la identidad y la libertad. La colaboración entre estas figuras lanzó el romanticismo al escenario mundial. En sus vidas exuberantes se nos revelan peleas épicas, historias de amor apasionadas, penas desgarradoras y, sobre todo, ideas radicales en torno al poder creativo del yo, así como las más altas aspiraciones del arte y la ciencia, la unidad de la naturaleza y el verdadero significado de la libertad. Así fue como estos jóvenes románticos incitaron una revolución mental que transformó nuestro mundo para siempre. Hoy seguimos avanzando por la misma cuerda floja entre la autorrealización personal y el narcisismo destructivo, entre los derechos individuales y las responsabilidades hacia la comunidad y las generaciones futuras. En el corazón de este libro inspirador se encuentra la tensión, extremadamente moderna, entre los peligros del egoísmo y las emocionantes posibilidades que ofrece la libertad del individuo.
600 1 4 _aGottlieb Fichte, Johann,
_d1762-1814
_97695
600 1 4 _aGoethe, Johann Wolfgang von
_d1749-1832
_97696
600 1 4 _aHegel, Georg Wilhelm Friedrich,
_d1770-1831
_95517
600 1 4 _aNovalis,
_d1772-1801
_97697
650 4 _aFILOSOFÍA
_91702
650 4 _aESCUELAS FILOSÓFICAS
_91678
650 4 _aROMANTICISMO
_91970
650 4 _aESCRITORES
_91676
651 4 _aAlemania
_93643
700 1 _aGragera, Abraham,
_d1973-
_97694
942 _cLIBRO
_n0
999 _c53885
_d53885